[Event "Titled Tuesday intern op 02nd Apr Late"]
[Site "Chess.com INT"]
[Date "2024.04.02"]
[Round "6"]
[White "Bortnyk, Olexandr"]
[Black "Drozdowski, Kacper"]
[Result "1-0"]
[WhiteElo "2608"]
[BlackElo "2448"]
[PlyCount "55"]
[EventDate "2024.04.02"]
[EventType "swiss (blitz)"]
[EventRounds "11"]
[EventCountry "USA"]
[SourceTitle "CB15_2024"]
[SourceDate "2024.04.10"]
[SourceVersion "1"]
[SourceVersionDate "2024.04.10"]
[SourceQuality "1"]

1. e4 c5 2. Be2 Nc6 3. d3 g6 4. f4 Bg7 5. Nf3 d6 6. c3 Nh6 7. Be3 f5 8. Nbd2 b6 9. Ng5 e6 10. Qa4 Qc7 11. d4 0-0 12. e5 dxe5 13. dxe5 a6 14. 0-0 Rb8 15. Qb3 Na5 16. Qa3 Nc6 17. Nc4 Rd8 18. Nd6 Bd7 19. Qxa6 Bf8 20. Rfd1 Ne7 21. Bc4 Nd5 22. Bxd5 exd5 23. Rxd5 Bc6 24. Qc4 b5 25. Qxc5 Rd7 26. Ne6 Bxd6 27. Rxd6 Qb7 28. Qxc6 1-0

[Event "Titled Tuesday intern op 02nd Apr Late"]
[Site "Chess.com INT"]
[Date "2024.04.02"]
[Round "5"]
[White "Drozdowski, Kacper"]
[Black "Andreikin, Dmitry"]
[Result "1-0"]
[WhiteElo "2448"]
[BlackElo "2729"]
[PlyCount "133"]
[EventDate "2024.04.02"]
[EventType "swiss (blitz)"]
[EventRounds "11"]
[EventCountry "USA"]
[SourceTitle "CB15_2024"]
[SourceDate "2024.04.10"]
[SourceVersion "1"]
[SourceVersionDate "2024.04.10"]
[SourceQuality "1"]

1. e4 c5 2. Nf3 Nc6 3. Nc3 e6 4. Bb5 Nd4 5. 0-0 a6 6. Bd3 Nc6 7. Re1 d6 8. b3 g5 9. g3 g4 10. Nh4 Ne5 11. Bb2 Be7 12. f4 gxf3 13. Nxf3 Bf6 14. Nxe5 Bxe5 15. Na4 h5 16. Qf3 Qg5 17. Bxe5 Qxe5 18. Nb6 Rb8 19. Nc4 Qd4+ 20. Kg2 Ke7 21. e5 d5 22. Nd6 f5 23. h3 c4 24. bxc4 dxc4 25. Bxc4 Bd7 26. Qa3 Bc6+ 27. Kf1 Kd7 28. Qb3 Ne7 29. Bxe6+ Kc7 30. Qe3 Qxe3 31. Rxe3 h4 32. g4 fxg4 33. Bxg4 Rbf8+ 34. Kg1 Nd5 35. Rb3 Rhg8 36. Rf1 Nf4 37. Kh2 Ng6 38. Rf7+ Rxf7 39. Nxf7 Bd5 40. Rc3+ Kb6 41. e6 Nf4 42. Re3 Bxe6 43. Bxe6 Rg2+ 44. Kh1 Rxd2 45. Bb3 Rd1+ 46. Kh2 Rd2+ 47. Kg1 Ne2+ 48. Kf1 Nd4 49. Ne5 Nxc2 50. Re2 Rxe2 51. Kxe2 Nd4+ 52. Ke3 Nxb3 53. axb3 Kb5 54. Kd3 Kb4 55. Kc2 b5 56. Ng6 a5 57. Nxh4 a4 58. bxa4 bxa4 59. Nf3 a3 60. h4 Kc4 61. Kb1 Kd5 62. Ka2 Ke4 63. Kxa3 Kf4 64. Kb3 Kg4 65. Kc3 Kf4 66. Kd3 Kxf3 67. h5 1-0

[Event "Titled Tuesday intern op 02nd Apr Late"]
[Site "Chess.com INT"]
[Date "2024.04.02"]
[Round "8"]
[White "Drozdowski, Kacper"]
[Black "Bluebaum, Matthias"]
[Result "1-0"]
[WhiteElo "2448"]
[BlackElo "2649"]
[PlyCount "183"]
[EventDate "2024.04.02"]
[EventType "swiss (blitz)"]
[EventRounds "11"]
[EventCountry "USA"]
[SourceTitle "CB15_2024"]
[SourceDate "2024.04.10"]
[SourceVersion "1"]
[SourceVersionDate "2024.04.10"]
[SourceQuality "1"]

1. e4 e6 2. d4 d5 3. Nd2 c5 4. exd5 Qxd5 5. dxc5 Nf6 6. Ngf3 Qxc5 7. Bd3 Nbd7 8. 0-0 Qc7 9. Qe2 Nc5 10. Bc4 Bd6 11. b3 0-0 12. Bb2 b6 13. Ne5 Bb7 14. Rae1 Nce4 15. Nxe4 Nxe4 16. Nf3 Bb4 17. Be5 Qe7 18. Rd1 Nc3 19. Bxc3 Bxc3 20. Ba6 Rac8 21. Bxb7 Qxb7 22. Rd3 b5 23. Ng5 Bf6 24. Ne4 Be7 25. Rfd1 Rc7 26. Nd6 Qc6 27. c4 a6 28. R3d2 bxc4 29. Nxc4 Qc5 30. g3 g6 31. Rd7 Bf6 32. Qf3 Kg7 33. h4 h5 34. Kg2 Rfc8 35. R1d6 Rxd7 36. Rxd7 Rc7 37. Rxc7 Qxc7 38. Qe4 Qd7 39. Ne3 Qd2 40. Qc2 Qd7 41. Qc4 Bd4 42. Nc2 Qb7+ 43. Kg1 Bf6 44. Nb4 a5 45. Nc6 Qb6 46. Kg2 Kg8 47. a3 Bb2 48. b4 axb4 49. axb4 Ba3 50. b5 Bc5 51. Qe2 Qb7 52. Kg1 Qb6 53. Ne5 Qb7 54. Nf3 Qb6 55. Ng5 Be7 56. Ne4 Qb7 57. Nd2 Bc5 58. Nf3 Qb6 59. Kg2 Qb7 60. Qc4 Be7 61. Qd3 Bf6 62. Kg1 Kf8 63. Ne1 Kg7 64. Ng2 Be5 65. Ne3 Qb6 66. Qe2 Bf6 67. Ng2 Qc5 68. Ne1 Qc1 69. Kg2 Qc7 70. Nf3 Qb7 71. Qc4 Qb6 72. Qc6 Bd8 73. Ne5 Qd4 74. Nf3 Qa7 75. Qe4 Bb6 76. Qe5+ Kg8 77. Qe2 Qb7 78. Kg1 Qa7 79. Kg2 Qb7 80. Kg1 Qa7 81. Ng5 Qb7 82. Ne4 Qa7 83. Kh2 Qb7 84. Qf3 Bd4 85. Nf6+ Bxf6 86. Qxb7 Kg7 87. Qc6 Bxh4 88. gxh4 Kf6 89. b6 Kf5 90. b7 Kg4 91. b8Q f5 92. Qg3# 1-0

[Event "Titled Tuesday intern op 02nd Apr Late"]
[Site "Chess.com INT"]
[Date "2024.04.02"]
[Round "11"]
[White "Drozdowski, Kacper"]
[Black "Drygalov, Andrey"]
[Result "1-0"]
[WhiteElo "2448"]
[BlackElo "2455"]
[PlyCount "145"]
[EventDate "2024.04.02"]
[EventType "swiss (blitz)"]
[EventRounds "11"]
[EventCountry "USA"]
[SourceTitle "CB15_2024"]
[SourceDate "2024.04.10"]
[SourceVersion "1"]
[SourceVersionDate "2024.04.10"]
[SourceQuality "1"]

1. e4 c5 2. Nf3 d6 3. d4 cxd4 4. Nxd4 Nf6 5. f3 e5 6. Nb3 d5 7. Bg5 Be6 8. Bxf6 gxf6 9. exd5 Qxd5 10. Qxd5 Bxd5 11. Nc3 Be6 12. 0-0-0 Nc6 13. Bb5 Rc8 14. Kb1 a6 15. Bxc6+ Rxc6 16. Na5 Rc7 17. Ne4 Ke7 18. Nb3 b6 19. Nc3 Rd7 20. Na4 Rb7 21. Nc3 Bh6 22. Nd5+ Bxd5 23. Rxd5 Rg8 24. g3 Rc8 25. Rhd1 Be3 26. c3 h5 27. Kc2 h4 28. Kd3 Bg5 29. Ke4 a5 30. f4 Rc4+ 31. Kd3 Rc6 32. fxg5 Ke6 33. Rd8 fxg5 34. g4 f6 35. Nd2 Ke7 36. Rd5 Ke6 37. c4 Rc5 38. Ne4 Rxd5+ 39. cxd5+ Kxd5 40. Ke3+ Ke6 41. Rd6+ Ke7 42. Rxf6 Rc7 43. Rxb6 Rc2 44. h3 a4 45. a3 Rc1 46. Nf2 Re1+ 47. Kd2 Rf1 48. Ke2 Rc1 49. Kd3 Rf1 50. Ne4 Rf3+ 51. Kc4 Rxh3 52. Nxg5 Rg3 53. Kd5 Rxg4 54. Ne4 Kf7 55. Kxe5 Kg7 56. Kf5 Rg1 57. Ng5 h3 58. Nxh3 Rg3 59. Nf4 Kf7 60. Ke5 Ke8 61. Nd5 Kd7 62. Kd4 Rg1 63. Kc5 Rc1+ 64. Kb5 Rd1 65. Nc3 Rd2 66. Nxa4 Kc7 67. Rc6+ Kb7 68. Rh6 Ka7 69. b4 Rd3 70. Rh7+ Kb8 71. Nc5 Rxa3 72. Kb6 Ra6+ 73. Nxa6+ 1-0

[Event "Speed Chess Poland"]
[Site "Chess.com INT"]
[Date "2024.01.23"]
[Round "1.2"]
[White "Drozdowski, Kacper"]
[Black "Piorun, Kacper"]
[Result "1-0"]
[WhiteElo "2448"]
[BlackElo "2597"]
[PlyCount "85"]
[EventDate "2024.01.19"]
[EventType "k.o. (blitz)"]
[EventRounds "4"]
[EventCountry "POL"]
[SourceTitle "CB05_2024"]
[SourceDate "2024.01.31"]
[SourceVersion "1"]
[SourceVersionDate "2024.01.31"]
[SourceQuality "1"]

1. e4 e5 2. Nf3 Nc6 3. Bc4 Be7 4. c3 Nf6 5. d3 d6 6. Bb3 0-0 7. Nbd2 Be6 8. h3 Bxb3 9. axb3 a5 10. Nh2 Nd7 11. Ndf1 f5 12. exf5 Rxf5 13. Ng3 Rf7 14. 0-0 Bg5 15. Bxg5 Qxg5 16. b4 Nb6 17. bxa5 Rxa5 18. Rxa5 Nxa5 19. Nf3 Qg6 20. Re1 Nc6 21. Qb3 h6 22. d4 Qf6 23. Ne4 Qe7 24. Ned2 Qf6 25. dxe5 dxe5 26. Ne4 Qe7 27. Rd1 Kh8 28. Nh4 Qxh4 29. Qxf7 Qxe4 30. Qxc7 Nd5 31. Qxb7 Nf4 32. Qc8+ Kh7 33. Qg4 Ne7 34. Qf3 Qc2 35. Re1 Neg6 36. Qe4 Qxb2 37. h4 Qxc3 38. g3 Nd3 39. Re3 Qc1+ 40. Kg2 Nc5 41. Qf5 Qc4 42. h5 Qd5+ 43. Kh2 1-0

[Event "Speed Chess Poland"]
[Site "Chess.com INT"]
[Date "2024.01.23"]
[Round "1.10"]
[White "Drozdowski, Kacper"]
[Black "Piorun, Kacper"]
[Result "1-0"]
[WhiteElo "2448"]
[BlackElo "2597"]
[PlyCount "85"]
[EventDate "2024.01.19"]
[EventType "k.o. (blitz)"]
[EventRounds "4"]
[EventCountry "POL"]
[SourceTitle "CB05_2024"]
[SourceDate "2024.01.31"]
[SourceVersion "1"]
[SourceVersionDate "2024.01.31"]
[SourceQuality "1"]

1. e4 e6 2. d4 d5 3. Nd2 c5 4. exd5 Qxd5 5. dxc5 Qxc5 6. Ngf3 Nf6 7. Bd3 Be7 8. Qe2 Nbd7 9. 0-0 0-0 10. b3 b6 11. Ne4 Qc7 12. Bb2 Bb7 13. Neg5 h6 14. Nxe6 fxe6 15. Qxe6+ Rf7 16. Bg6 Raf8 17. Bxf6 Bxf6 18. Rad1 Bxf3 19. gxf3 Ne5 20. Bxf7+ Rxf7 21. Kg2 Ng6 22. Qe8+ Kh7 23. Qe4 Re7 24. Qd3 h5 25. Rfe1 Rxe1 26. Rxe1 Kh6 27. Kh1 Nf4 28. Qe4 Qd6 29. Rg1 g6 30. c4 Bh4 31. Qe3 Bf6 32. b4 Bd4 33. Rd1 Bxe3 34. Rxd6 Bxf2 35. Rd7 a5 36. c5 bxc5 37. bxa5 c4 38. Rc7 h4 39. a6 c3 40. Rxc3 h3 41. Rc7 Nd5 42. Rd7 Nb6 43. a7 1-0

[Event "Speed Chess Poland"]
[Site "Chess.com INT"]
[Date "2024.01.23"]
[Round "1.19"]
[White "Piorun, Kacper"]
[Black "Drozdowski, Kacper"]
[Result "1-0"]
[WhiteElo "2597"]
[BlackElo "2448"]
[PlyCount "33"]
[EventDate "2024.01.19"]
[EventType "k.o. (blitz)"]
[EventRounds "4"]
[EventCountry "POL"]
[SourceTitle "CB05_2024"]
[SourceDate "2024.01.31"]
[SourceVersion "1"]
[SourceVersionDate "2024.01.31"]
[SourceQuality "1"]

1. Nf3 Nf6 2. g3 g6 3. Bg2 Bg7 4. 0-0 0-0 5. d4 d6 6. Re1 Nfd7 7. e4 e5 8. Nc3 Nc6 9. Bg5 f6 10. Be3 Kh8 11. Qd2 a6 12. Rad1 f5 13. Bg5 Bf6 14. Bxf6+ Qxf6 15. Nd5 Qd8 16. dxe5 dxe5 17. Qh6 1-0

[Event "Speed Chess Poland"]
[Site "Chess.com INT"]
[Date "2024.01.23"]
[Round "1.21"]
[White "Piorun, Kacper"]
[Black "Drozdowski, Kacper"]
[Result "1-0"]
[WhiteElo "2597"]
[BlackElo "2448"]
[PlyCount "117"]
[EventDate "2024.01.19"]
[EventType "k.o. (blitz)"]
[EventRounds "4"]
[EventCountry "POL"]
[SourceTitle "CB05_2024"]
[SourceDate "2024.01.31"]
[SourceVersion "1"]
[SourceVersionDate "2024.01.31"]
[SourceQuality "1"]

1. Nf3 d5 2. g3 c6 3. Bg2 Nf6 4. 0-0 g6 5. d4 Bg7 6. a4 0-0 7. a5 Bf5 8. b3 Re8 9. Bb2 Nbd7 10. Nbd2 Ne4 11. c4 a6 12. e3 Bg4 13. h3 Nxd2 14. Qxd2 Bxf3 15. Bxf3 e6 16. h4 h5 17. Rfd1 Rc8 18. Ba3 Qc7 19. Rac1 Qb8 20. Bg2 Bf8 21. Bb2 Nf6 22. Qe1 Bg7 23. Bc3 Nd7 24. Qe2 Red8 25. Be1 Nf6 26. Bf3 c5 27. cxd5 Nxd5 28. dxc5 Ne7 29. b4 Qc7 30. Rxd8+ Rxd8 31. Rd1 Rc8 32. Qd3 Be5 33. Qd7 Nc6 34. Qxc7 Bxc7 35. Be2 Ra8 36. Bc3 Kf8 37. f4 Ke8 38. Kf2 Ne7 39. Bf3 Nc6 40. Ke2 Rc8 41. g4 hxg4 42. Bxg4 Ke7 43. h5 gxh5 44. Bxh5 Rg8 45. Kf2 Na7 46. Be1 Nc6 47. Bxf7 Rh8 48. Bg6 Rh2+ 49. Kf3 Rb2 50. Be4 Nxb4 51. Bh4+ Ke8 52. Bg6+ Kf8 53. Rd7 Nd5 54. Be4 Bxa5 55. f5 Rb3 56. Bg5 Nc7 57. f6 Ke8 58. f7+ Kxd7 59. f8Q 1-0

[Event "Titled Tuesday intern op 09th Jan Early"]
[Site "Chess.com INT"]
[Date "2024.01.09"]
[Round "11"]
[White "Drozdowski, Kacper"]
[Black "Cristobal, Manuel"]
[Result "0-1"]
[WhiteElo "2448"]
[BlackElo "2257"]
[PlyCount "228"]
[EventDate "2024.01.09"]
[EventType "swiss (blitz)"]
[EventRounds "11"]
[EventCountry "USA"]
[SourceTitle "CB03_2024"]
[SourceDate "2024.01.17"]
[SourceVersion "1"]
[SourceVersionDate "2024.01.17"]
[SourceQuality "1"]

1. e4 Nc6 2. Nf3 d5 3. exd5 Qxd5 4. Nc3 Qh5 5. Be2 Bg4 6. h3 Nf6 7. d3 0-0-0 8. Be3 e5 9. Ng5 Bxe2 10. Qxe2 Qg6 11. Nce4 Nd5 12. g4 h5 13. 0-0-0 Nxe3 14. fxe3 Be7 15. Nf3 hxg4 16. hxg4 Rxh1 17. Rxh1 Qxg4 18. a3 Qe6 19. Kb1 f5 20. Nc3 e4 21. dxe4 fxe4 22. Nd2 Ne5 23. Ncxe4 Qc6 24. Rg1 g6 25. Qg2 Qb6 26. Nb3 Qxe3 27. Ned2 g5 28. Nc4 Nxc4 29. Qg4+ Kb8 30. Ka2 Nd6 31. Rd1 Qf4 32. Qg2 g4 33. Rd4 Qf3 34. Rxg4 Qxg2 35. Rxg2 Nc4 36. Re2 Bd6 37. Re4 Nb6 38. Na5 Nd7 39. Re2 Kc8 40. Nc4 Nc5 41. b4 Nd7 42. Kb3 Nb6 43. Nb2 Bf8 44. Nd3 Bg7 45. a4 Nd5 46. a5 Nc3 47. Re7 Bf6 48. Rf7 Ne4 49. Rh7 Nd2+ 50. Ka4 Nc4 51. Rf7 Nb2+ 52. Kb3 Nxd3 53. Rxf6 Ne5 54. Re6 Nc6 55. c3 Rd6 56. Re8+ Kd7 57. Rh8 Ne7 58. Rb8 b6 59. axb6 axb6 60. Rh8 Kc6 61. Rh3 Ng6 62. Rf3 Ne5 63. Re3 Nd3 64. Kc2 Nf4 65. Rf3 Nd5 66. Kb3 b5 67. Kc2 Nb6 68. Rf5 Nc4 69. Rc5+ Kb6 70. Rh5 Rd2+ 71. Kc1 Rg2 72. Kb1 c6 73. Kc1 Kc7 74. Rh7+ Kd6 75. Rh5 Ne5 76. Kb1 Kd5 77. Rh4 Re2 78. Rd4+ Ke6 79. Rd8 Nc4 80. Kc1 Re1+ 81. Kc2 Re5 82. Re8+ Kd5 83. Rd8+ Ke4 84. Rd4+ Ke3 85. Rd8 Rd5 86. Re8+ Kf4 87. Re6 Rd2+ 88. Kc1 Rd6 89. Re8 Ne5 90. Kc2 Ke4 91. Rh8 Kd5 92. Rh4 Rg6 93. Rd4+ Ke6 94. Rd8 Nc4 95. Rd4 Rg2+ 96. Kc1 Re2 97. Rd8 Nd6 98. Rh8 Kd5 99. Rd8 Re6 100. Kd2 Kc4 101. Rh8 Ne4+ 102. Kc2 Nxc3 103. Rh4+ Re4 104. Rh3 Nd5 105. Kd2 Nxb4 106. Rh6 Rd4+ 107. Kc1 c5 108. Rh3 Nd5 109. Kb2 b4 110. Kc2 b3+ 111. Kb2 Rd2+ 112. Kc1 Rc2+ 113. Kb1 Nc3+ 114. Ka1 Ra2# 0-1

[Event "Titled Tuesday intern op 09th Jan Early"]
[Site "Chess.com INT"]
[Date "2024.01.09"]
[Round "8"]
[White "Drozdowski, Kacper"]
[Black "Kiselev, Vitaliy1"]
[Result "1/2-1/2"]
[WhiteElo "2448"]
[BlackElo "2519"]
[PlyCount "138"]
[EventDate "2024.01.09"]
[EventType "swiss (blitz)"]
[EventRounds "11"]
[EventCountry "USA"]
[SourceTitle "CB03_2024"]
[SourceDate "2024.01.17"]
[SourceVersion "1"]
[SourceVersionDate "2024.01.17"]
[SourceQuality "1"]

1. e4 e5 2. Nf3 d6 3. d4 exd4 4. Nxd4 Nf6 5. Nc3 Be7 6. Be2 0-0 7. 0-0 Re8 8. Re1 Bf8 9. Bf1 Nbd7 10. Bf4 Nc5 11. f3 Ne6 12. Be3 Nxd4 13. Qxd4 Be6 14. Rad1 Nd7 15. a3 a6 16. Qd2 Ne5 17. b3 Qf6 18. Ne2 Nc6 19. Nf4 Bd7 20. Nd5 Qd8 21. Bg5 f6 22. Be3 Be6 23. Bf2 Bf7 24. c4 b6 25. b4 a5 26. Qc3 axb4 27. axb4 Ne7 28. Ne3 Qc8 29. Nc2 Qb7 30. Nd4 Red8 31. Nb5 Nc6 32. Qb2 Ra4 33. Ra1 Rda8 34. Rxa4 Rxa4 35. Ra1 Rxa1 36. Qxa1 Nxb4 37. Qa4 Na6 38. Nc3 Nc5 39. Qc2 Qc6 40. h4 Be7 41. Qa2 Kf8 42. Qa7 Qd7 43. Qa1 Bd8 44. Nd5 c6 45. Nc3 Qb7 46. Be2 Bc7 47. Qb1 Qa7 48. e5 dxe5 49. Qxh7 Qa1+ 50. Nd1 Ne6 51. Qc2 Nd4 52. Bxd4 Qxd4+ 53. Nf2 Bd6 54. Qd3 Bc5 55. Qxd4 Bxd4 56. Kf1 Bxf2 57. Kxf2 Ke7 58. Ke3 Kd6 59. f4 exf4+ 60. Kxf4 Kc5 61. Kf5 Kd4 62. g4 Kc5 63. h5 b5 64. cxb5 cxb5 65. Bxb5 Kxb5 66. h6 gxh6 67. Kxf6 Bd5 68. Kg6 Bf3 69. Kxh6 Bxg4 1/2-1/2

[Event "Titled Tuesday intern op 12th Sep Early"]
[Site "Chess.com INT"]
[Date "2023.09.12"]
[Round "2"]
[White "Drozdowski, Kacper"]
[Black "Pham, Le Thao Nguyen"]
[Result "1-0"]
[WhiteElo "2448"]
[BlackElo "2380"]
[PlyCount "99"]
[EventDate "2023.09.12"]
[EventType "swiss (blitz)"]
[EventRounds "11"]
[EventCountry "USA"]
[SourceTitle "EXT 2024"]
[Source "ChessBase"]
[SourceDate "2023.10.10"]
[SourceVersion "1"]
[SourceVersionDate "2023.10.10"]
[SourceQuality "1"]

1. e4 c6 2. d4 d5 3. Nc3 dxe4 4. Nxe4 Nf6 5. Nxf6+ exf6 6. c3 Bd6 7. Bd3 0-0 8. Ne2 Re8 9. Qc2 h5 10. Be3 Nd7 11. 0-0-0 Nf8 12. Ng3 Be6 13. Kb1 g6 14. Ne4 Be7 15. c4 b5 16. d5 cxd5 17. cxd5 Qxd5 18. Nc3 Qe5 19. Rhe1 b4 20. Nb5 Rec8 21. Qa4 Qxh2 22. g3 Qg2 23. Bd4 Qd5 24. Be4 Bf5 25. Bxf5 Qxf5+ 26. Ka1 Ne6 27. Be3 Qc2 28. Qxc2 Rxc2 29. Nxa7 b3 30. Rd7 Bb4 31. Red1 Kg7 32. Kb1 Re2 33. axb3 Nc5 34. R7d4 Rxa7 35. Rxb4 Rc7 36. Rc4 Ne6 37. Rdc1 Rb7 38. R1c2 Re1+ 39. Rc1 Rxc1+ 40. Kxc1 Rxb3 41. Kc2 Rb5 42. b4 f5 43. Kb3 g5 44. Ka4 Rb7 45. b5 f4 46. gxf4 g4 47. f5 Nf8 48. b6 Nd7 49. Kb5 Kf6 50. Rc7 1-0

[Event "Titled Tuesday intern op 12th Sep Early"]
[Site "Chess.com INT"]
[Date "2023.09.12"]
[Round "5"]
[White "Kononenko, Dmitry1111"]
[Black "Drozdowski, Kacper"]
[Result "0-1"]
[WhiteElo "2251"]
[BlackElo "2448"]
[PlyCount "106"]
[EventDate "2023.09.12"]
[EventType "swiss (blitz)"]
[EventRounds "11"]
[EventCountry "USA"]
[SourceTitle "EXT 2024"]
[Source "ChessBase"]
[SourceDate "2023.10.10"]
[SourceVersion "1"]
[SourceVersionDate "2023.10.10"]
[SourceQuality "1"]

1. d4 Nf6 2. c4 e6 3. g3 Bb4+ 4. Bd2 Be7 5. Bg2 0-0 6. e4 d6 7. Nc3 e5 8. Nge2 a6 9. 0-0 c6 10. Qc2 b5 11. b3 Bb7 12. Rad1 Nbd7 13. h3 Rc8 14. dxe5 dxe5 15. Be3 Qc7 16. Qb2 Rfd8 17. Kh2 Nc5 18. Nc1 Ne6 19. Rxd8+ Rxd8 20. Rd1 h5 21. Rxd8+ Qxd8 22. Qd2 Qc7 23. Nd3 h4 24. gxh4 Nh5 25. Ne2 Bxh4 26. Ng3 Nhf4 27. Nf5 Bf6 28. Ne1 Nxg2 29. Kxg2 c5 30. f3 Nd4 31. Bxd4 cxd4 32. Qb4 g6 33. Ng3 Be7 34. Qd2 bxc4 35. bxc4 Qxc4 36. Nd3 Qb5 37. a4 Qxa4 38. Nxe5 Qb4 39. Qf4 Qb2+ 40. Kg1 Qb3 41. Nf1 Qe6 42. Nd2 a5 43. Nd3 Kg7 44. Qb8 Ba6 45. Nf4 Qd6 46. Qxd6 Bxd6 47. Nd5 a4 48. Kf2 a3 49. e5 Bxe5 50. Nb3 a2 51. f4 Bc4 52. Na1 Bd6 53. Ke1 Bxd5 0-1

[Event "Titled Tuesday intern op 12th Sep Early"]
[Site "Chess.com INT"]
[Date "2023.09.12"]
[Round "3"]
[White "Korchmar, Vasiliy"]
[Black "Drozdowski, Kacper"]
[Result "1/2-1/2"]
[WhiteElo "2438"]
[BlackElo "2448"]
[PlyCount "80"]
[EventDate "2023.09.12"]
[EventType "swiss (blitz)"]
[EventRounds "11"]
[EventCountry "USA"]
[SourceTitle "EXT 2024"]
[Source "ChessBase"]
[SourceDate "2023.10.10"]
[SourceVersion "1"]
[SourceVersionDate "2023.10.10"]
[SourceQuality "1"]

1. e4 c5 2. d4 cxd4 3. Qxd4 Nc6 4. Qd3 Nf6 5. Nc3 g6 6. Nf3 d6 7. Be2 Bg7 8. 0-0 0-0 9. Nd5 Bg4 10. c3 Rc8 11. Bg5 Nd7 12. Qd2 Nc5 13. Qe3 Qd7 14. h3 Bxf3 15. Bxf3 Ne6 16. Bh4 Rfe8 17. Rad1 Ne5 18. Be2 b5 19. f4 Nc4 20. Bxc4 Rxc4 21. f5 Nc5 22. Rd4 f6 23. b3 Rxd4 24. cxd4 Na6 25. Rc1 Kf7 26. Qd3 Rb8 27. Bg3 Rb7 28. Bf4 Nc7 29. Nxc7 Rxc7 30. Rxc7 Qxc7 31. Qxb5 Kf8 32. Qc4 Qb7 33. Qe6 Qc6 34. Kh2 Qc2 35. a4 Qc3 36. Bg3 Qxd4 37. Qc8+ Kf7 38. Qe6+ Kf8 39. Qc8+ Kf7 40. Qe6+ Kf8 1/2-1/2

[Event "Katowice POL-HUN 10th"]
[Site "Katowice"]
[Date "2023.09.09"]
[Round "2"]
[White "Miasik, Adrian"]
[Black "Drozdowski, Kacper"]
[Result "0-1"]
[WhiteElo "2056"]
[BlackElo "2448"]
[PlyCount "114"]
[EventDate "2023.09.09"]
[EventType "swiss (rapid)"]
[EventRounds "9"]
[EventCountry "POL"]
[SourceTitle "EXT 2024"]
[Source "ChessBase"]
[SourceDate "2023.10.10"]
[SourceVersion "1"]
[SourceVersionDate "2023.10.10"]
[SourceQuality "1"]

1. d4 Nf6 2. Bf4 g6 3. Nc3 d5 4. e3 c6 5. h4 Bg7 6. Be2 h5 7. Nf3 Bg4 8. Ne5 Bxe2 9. Qxe2 Nbd7 10. f3 Nxe5 11. Bxe5 b5 12. 0-0-0 0-0 13. Bxf6 Bxf6 14. g4 hxg4 15. fxg4 e5 16. g5 Bg7 17. Kb1 exd4 18. exd4 Re8 19. Qg2 Qd6 20. Rdf1 Re7 21. h5 gxh5 22. Rf6 Qd7 23. Qf3 Rae8 24. Nd1 Qg4 25. Rxh5 Qxf3 26. Rxf3 Bxd4 27. c3 Bg7 28. Rhh3 Re1 29. Rd3 Rg1 30. Rhg3 Ree1 31. Rxg1 Rxg1 32. Kc2 Rxg5 33. Ne3 f5 34. Kd2 f4 35. Nd1 Rg2+ 36. Ke1 Kf7 37. Rf3 Be5 38. Nf2 Ke6 39. Kf1 Rg3 40. Ke2 Kf5 41. Nd3 Rg2+ 42. Rf2 Rg1 43. Nb4 Rg6 44. Nd3 a5 45. a3 Bd6 46. Rf3 Rh6 47. Rf2 Rh1 48. Ne1 Bc5 49. Rg2 Be3 50. Nf3 Rb1 51. Kd3 c5 52. Rg5+ Ke6 53. Rg6+ Ke7 54. Ng5 Rxb2 55. Re6+ Kd7 56. c4 bxc4+ 57. Kc3 Bd4# 0-1

[Event "Titled Tuesday intern op 29th Aug Late"]
[Site "Chess.com INT"]
[Date "2023.08.29"]
[Round "10"]
[White "Drozdowski, Kacper"]
[Black "Deac, Bogdan Daniel"]
[Result "1/2-1/2"]
[WhiteElo "2448"]
[BlackElo "2698"]
[PlyCount "126"]
[EventDate "2023.08.29"]
[EventType "swiss (blitz)"]
[EventRounds "11"]
[EventCountry "USA"]
[SourceTitle "EXT 2024"]
[Source "ChessBase"]
[SourceDate "2023.10.10"]
[SourceVersion "1"]
[SourceVersionDate "2023.10.10"]
[SourceQuality "1"]

1. e4 e5 2. Nf3 Nf6 3. Nxe5 d6 4. Nf3 Nxe4 5. d4 d5 6. Bd3 Bf5 7. 0-0 Be7 8. Re1 0-0 9. Nbd2 Nd6 10. Nf1 c6 11. Ng3 Bxd3 12. Qxd3 Na6 13. c3 Nc7 14. Bf4 g6 15. Re2 Ne6 16. Bh6 Re8 17. Rae1 Bf8 18. Bxf8 Nxf8 19. Rxe8 Nxe8 20. Ne5 Nd6 21. Qf3 Qg5 22. Nf1 Kg7 23. g3 h5 24. h4 Qf5 25. Qxf5 Nxf5 26. Nd3 Nd6 27. Nd2 Ne6 28. Nc5 Nxc5 29. dxc5 Nf5 30. Nb3 Kf6 31. Kg2 a5 32. a4 Ng7 33. f4 Ne6 34. Kf3 Ra6 35. Re2 Ra8 36. Re1 Rb8 37. Re2 b6 38. cxb6 Rxb6 39. Nxa5 Nc5 40. b4 Nxa4 41. Re3 c5 42. Rd3 Ke6 43. Nb3 cxb4 44. cxb4 Rxb4 45. Nd4+ Kd6 46. f5 Nb2 47. Rd2 Nc4 48. Rd1 Ne5+ 49. Kg2 Ng4 50. Kf3 Ne5+ 51. Kg2 Rc4 52. fxg6 fxg6 53. Ne2 Rc2 54. Kf1 Ng4 55. Ra1 Ne3+ 56. Ke1 Rb2 57. Ra6+ Ke5 58. Rxg6 Ke4 59. Re6+ Kd3 60. Nf4+ Kd4 61. Ne2+ Kd3 62. Nf4+ Kd4 63. Ne2+ Kd3 1/2-1/2

[Event "Titled Tuesday intern op 29th Aug Late"]
[Site "Chess.com INT"]
[Date "2023.08.29"]
[Round "2"]
[White "Drozdowski, Kacper"]
[Black "Kozusek, Daniel"]
[Result "1-0"]
[WhiteElo "2448"]
[BlackElo "2365"]
[PlyCount "71"]
[EventDate "2023.08.29"]
[EventType "swiss (blitz)"]
[EventRounds "11"]
[EventCountry "USA"]
[SourceTitle "EXT 2024"]
[Source "ChessBase"]
[SourceDate "2023.10.10"]
[SourceVersion "1"]
[SourceVersionDate "2023.10.10"]
[SourceQuality "1"]

1. e4 e6 2. d4 d5 3. Nc3 Nf6 4. Bg5 h6 5. Bxf6 Qxf6 6. exd5 Bb4 7. Bb5+ c6 8. dxc6 bxc6 9. Be2 0-0 10. Nf3 Bb7 11. 0-0 c5 12. a3 Bxc3 13. bxc3 Rd8 14. Qb1 Bc6 15. Rd1 Nd7 16. Qc1 Rac8 17. a4 Nb6 18. Ne5 Ba8 19. Bf3 Nd5 20. Bxd5 Rxd5 21. Qe3 cxd4 22. cxd4 Rxc2 23. Rac1 Rxc1 24. Rxc1 Rd8 25. h3 Qe7 26. Qg3 Rxd4 27. Ng4 Kh7 28. Rc7 Qd6 29. Qxd6 Rxd6 30. Rxa7 f5 31. Nf6+ Kg6 32. Ne8 Rd1+ 33. Kh2 Bd5 34. Rxg7+ Kh5 35. Nf6+ Kh4 36. g3# 1-0

[Event "Titled Tuesday intern op 29th Aug Late"]
[Site "Chess.com INT"]
[Date "2023.08.29"]
[Round "8"]
[White "Olsen, Filip Boe"]
[Black "Drozdowski, Kacper"]
[Result "0-1"]
[WhiteElo "2421"]
[BlackElo "2448"]
[PlyCount "140"]
[EventDate "2023.08.29"]
[EventType "swiss (blitz)"]
[EventRounds "11"]
[EventCountry "USA"]
[SourceTitle "EXT 2024"]
[Source "ChessBase"]
[SourceDate "2023.10.10"]
[SourceVersion "1"]
[SourceVersionDate "2023.10.10"]
[SourceQuality "1"]

1. Nf3 d5 2. g3 c6 3. Bg2 Bg4 4. 0-0 Nf6 5. h3 Bxf3 6. Bxf3 Nbd7 7. d3 e5 8. e4 dxe4 9. dxe4 Bc5 10. Qe2 0-0 11. a4 a5 12. Na3 Qc7 13. Nc4 Nb6 14. Be3 Bxe3 15. Nxe3 Rad8 16. Rfd1 g6 17. b3 Qe7 18. Qe1 Qc5 19. Bg2 Kg7 20. c3 Rxd1 21. Rxd1 Qa3 22. Rb1 Rd8 23. Nc2 Qc5 24. b4 axb4 25. Rxb4 Rd3 26. Kh2 Rxc3 27. Rxb6 Rxc2 28. Rxb7 Rxf2 29. a5 Ra2 30. Qb1 Qf2 31. Qg1 Qxg1+ 32. Kxg1 Rxa5 33. Rc7 Rc5 34. Kf2 Rc2+ 35. Kf3 h5 36. Bf1 Rc3+ 37. Kg2 Nxe4 38. g4 hxg4 39. hxg4 Kf6 40. Ba6 Nd6 41. Rd7 Ke6 42. Rc7 e4 43. Kf2 f5 44. gxf5+ gxf5 45. Ke2 Ke5 46. Kd2 Rc5 47. Re7+ Kf4 48. Rd7 Nc4+ 49. Ke2 Ne5 50. Rd6 Rc2+ 51. Kd1 Ra2 52. Bc8 Ra8 53. Be6 Rf8 54. Ke2 Rf6 55. Kd1 c5 56. Ke2 Nf3 57. Ra6 Nd4+ 58. Kf2 Rxe6 59. Ra3 Rb6 60. Ra2 Ke5 61. Rd2 f4 62. Ke1 Nf3+ 63. Ke2 Nxd2 64. Kxd2 Kd4 65. Kc2 f3 66. Kd2 c4 67. Kc2 e3 68. Kd1 Kd3 69. Kc1 f2 70. Kd1 f1Q# 0-1